Lâm nghiệp Giáo trình cao đẳng sư phạm
Một số kiến thức cơ bản về rừng. Tài nguyên rừng Việt Nam. Quản lý và bảo vệ rừng. Kĩ thuật trồng rừng, nuôi dưỡng và khai thác rừng. Nông lâm kết hợp.
محفوظ في:
| المؤلف الرئيسي: | |
|---|---|
| مؤلفون آخرون: | |
| التنسيق: | كتاب |
| اللغة: | Vietnamese |
| منشور في: |
H.
Đại học Sư phạm
2007
|
| الموضوعات: | |
| الوسوم: |
إضافة وسم
لا توجد وسوم, كن أول من يضع وسما على هذه التسجيلة!
|
| Thư viện lưu trữ: | Mạng thư viện Đại học Đà Nẵng |
|---|
| LEADER | 01396nam a2200349 4500 | ||
|---|---|---|---|
| 001 | 000024046 | ||
| 003 | 20525 | ||
| 005 | 20160928080927.0 | ||
| 008 | 160926s2007 viesd | ||
| 020 | |c 33000 | ||
| 041 | 0 | |a vie | |
| 082 | 1 | 4 | |a 634.9 |b PH-L |
| 100 | 1 | |a Phùng Ngọc Lan | |
| 245 | 1 | 0 | |a Lâm nghiệp |b Giáo trình cao đẳng sư phạm |c Phùng Ngọc Lan (ch. b), Nguyễn Trường |
| 260 | |a H. |b Đại học Sư phạm |c 2007 | ||
| 300 | |a 206 tr. |b hình ảnh |c 24 cm. | ||
| 500 | |a ĐTTS ghi: Bộ giáo dục và Đào tạo. Dự án Đào tạo giáo viên THCS. | ||
| 520 | 3 | |a Một số kiến thức cơ bản về rừng. Tài nguyên rừng Việt Nam. Quản lý và bảo vệ rừng. Kĩ thuật trồng rừng, nuôi dưỡng và khai thác rừng. Nông lâm kết hợp. | |
| 650 | 0 | 4 | |a Lâm nghiệp |v Giáo trình |
| 653 | |a Trồng rừng | ||
| 653 | |a Lâm nghiệp | ||
| 700 | 1 | |a Nguyễn Trường | |
| OWN | |a LSP | ||
| AVA | |a UDN50 |b LSP |d 634.9 PH-L |e check_holdings |t Error 5003 Not defined in file expand_doc_bib_avail. |h N |k 1 | ||
| 999 | |a From the UDN01 | ||
| AVA | |a UDN50 |b LSP |d 634.9 PH-L |e available |t Error 5001 Not defined in file expand_doc_bib_avail. |f 30 |g 0 |h N |i 0 |k 1 | ||
| TYP | |a Monograph | ||
| TYP | |a Printed language | ||
| 980 | |a Mạng thư viện Đại học Đà Nẵng | ||